| 000 | 00450nam a22001937a 4500 | ||
|---|---|---|---|
| 003 | OSt | ||
| 005 | 20260210095555.0 | ||
| 008 | 260210b |||||||| |||| 00| 0 eng d | ||
| 020 | _a978-0-451-19114-4 | ||
| 040 | _cSUYOG ENTERPRISES | ||
| 082 | _a813 RAN | ||
| 100 |
_aRAND, AYN _92265 |
||
| 245 | _aATLAS SHRUGGED. | ||
| 260 |
_bA SIGNET BOOKS _c1996 |
||
| 300 | _a1078 | ||
| 546 | _aENGLISH | ||
| 650 |
_aGENERAL _9114 |
||
| 942 |
_2ddc _cGBK _n0 |
||
| 999 |
_c202868 _d202868 |
||